| 000 | 00396nam a2200145Ia 4500 | ||
|---|---|---|---|
| 008 | 210210b1977 xxu||||| |||| 00| 0 eng d | ||
| 082 | _a541.3 GROP | ||
| 100 | _aGROSS (J M) & WISEALL (B). | ||
| 245 | _aPrinciples of physical chemistry. | ||
| 260 |
_aNew York _bMacdonald & Evans _c1977 |
||
| 300 | _axx,489 | ||
| 650 | _aPhysical Chemistry | ||
| 690 | _aPhysical Chemistry | ||
| 906 | _aCC00286 | ||
| 999 |
_c109406 _d109406 |
||